[Event "Irish Championship 2019"]
[Site "Dublin IRL"]
[Date "2019.08.04"]
[Round "2.15"]
[White "Haque, Mustakim-Ul"]
[Black "Butler, Kevin C."]
[Result "1/2-1/2"]
[WhiteElo "1947"]
[BlackElo "2048"]
[WhiteICU "1918"]
[BlackICU "1966"]
[WhiteClub "Rathmines"]
[BlackClub "Phibsboro"]
[WhiteNationality "IRL"]
[BlackNationality "IRL"]
[WhiteFideId "2509334"]
[BlackFideId "2501538"]
[PlyCount "64"]
[Venue "Talbot Hotel, Stillorgan"]
[EventDate "2019.08.03"]

{ Event information: <a
href="http://www.irlchess.com/pairings_irlch2019.html">Tournament
report</a>. }

1. c4 Nf6 2. Nc3 g6 3. g3 Bg7 4. Bg2 O-O 5. e4 d6 6. Nge2 c5 7. O-O Nc6 8.
d3 a6 9. a4 Rb8 10. h3 Nd4 11. Rb1 Bd7 12. b4 cxb4 13. Rxb4 Qa5 14. Ba3
Nxe2+ 15. Qxe2 b5 16. Rfb1 Rbc8 17. Nd5 Nxd5 18. exd5 Bc3 19. R4b3 bxc4 20.
dxc4 Bxa4 21. Bb4 Bxb4 22. Rxb4 Bd7 23. Qxe7 Bf5 24. R1b2 Qa1+ 25. Kh2 a5
26. Rb7 a4 27. Qe2 a3 28. Ra2 Qc3 29. Qf3 Rxc4 30. Qxc3 Rxc3 31. Ra7 Rb8
32. R7xa3 Rxa3 1/2-1/2

[Event "Irish Championship 2019"]
[Site "Dublin IRL"]
[Date "2019.08.04"]
[Round "2.16"]
[White "Moran, Darragh"]
[Black "Harding, Tim"]
[Result "0-1"]
[BlackTitle "CM"]
[WhiteElo "1847"]
[BlackElo "2028"]
[WhiteICU "1828"]
[BlackICU "1973"]
[WhiteClub "Gonzaga"]
[BlackClub "T.C.D."]
[WhiteNationality "IRL"]
[BlackNationality "IRL"]
[WhiteFideId "2510294"]
[BlackFideId "2500256"]
[PlyCount "82"]
[Venue "Talbot Hotel, Stillorgan"]
[EventDate "2019.08.03"]

{ Event information: <a
href="http://www.irlchess.com/pairings_irlch2019.html">Tournament
report</a>. }

1. e4 c6 2. d4 d5 3. f3 e6 4. Nc3 Bb4 5. Bd2 Ne7 6. a3 Ba5 7. Bd3 dxe4 8.
fxe4 Bb6 9. Nf3 Bxd4 10. Nxd4 Qxd4 11. Qh5 Nd7 12. O-O-O Qe5 13. Qh3 Ng6
14. Rhf1 Nc5 15. Ne2 Nxd3+ 16. Qxd3 O-O 17. Bc3 Qg5+ 18. Kb1 e5 19. Ng1 Bg4
20. Nf3 Qe7 21. Qe3 b6 22. h3 Bxf3 23. Qxf3 Rad8 24. g3 Rxd1+ 25. Rxd1 Rd8
26. Rf1 f6 27. h4 Nf8 28. g4 Ng6 29. Qf2 Qd7 30. g5 Rf8 31. h5 fxg5 32. Qg2
Rxf1+ 33. Qxf1 Nf4 34. Bxe5 Nxh5 35. Qf3 Qf7 36. Qg4 Qf1+ 37. Ka2 Qc4+ 38.
Kb1 Nf6 39. Qxg5 Qxe4 40. Bc3 Qh1+ 41. Ka2 Qd5+ 0-1

[Event "Irish Championship 2019"]
[Site "Dublin IRL"]
[Date "2019.08.04"]
[Round "2.17"]
[White "Melaugh, Gavin"]
[Black "Lyons, Brendan"]
[Result "1-0"]
[WhiteElo "2025"]
[BlackElo "1967"]
[WhiteICU "2102"]
[BlackICU "1898"]
[WhiteClub "T.C.D."]
[BlackClub "St. Benildus"]
[WhiteNationality "IRL"]
[BlackNationality "IRL"]
[WhiteFideId "2509571"]
[BlackFideId "2500698"]
[PlyCount "55"]
[Venue "Talbot Hotel, Stillorgan"]
[EventDate "2019.08.03"]

{ Event information: <a
href="http://www.irlchess.com/pairings_irlch2019.html">Tournament
report</a>. }

1. e4 d5 2. exd5 Nf6 3. d4 Bg4 4. f3 Bf5 5. g4 Bc8 6. c4 e6 7. g5 Nh5 8. f4
g6 9. dxe6 Bxe6 10. d5 Bf5 11. Be2 Bb4+ 12. Nc3 Qe7 13. Nf3 Nd7 14. Nd4 Bh3
15. Kf2 Bxc3 16. bxc3 Nc5 17. Re1 Ne4+ 18. Kg1 O-O-O 19. Bf3 f5 20. Qd3 Nc5
21. Rxe7 Nxd3 22. Ne6 Rd7 23. Rxd7 Kxd7 24. Be3 h6 25. Bd4 Rg8 26. gxh6 g5
27. h7 Rg6 28. Nf8+ 1-0

[Event "Irish Championship 2019"]
[Site "Dublin IRL"]
[Date "2019.08.04"]
[Round "2.18"]
[White "McCarthy, Tim"]
[Black "Byrne, Alex"]
[Result "1-0"]
[WhiteElo "2018"]
[BlackElo "1963"]
[WhiteICU "1964"]
[BlackICU "1905"]
[WhiteClub "St. Benildus"]
[BlackClub "St. Benildus"]
[WhiteNationality "IRL"]
[BlackNationality "IRL"]
[WhiteFideId "2500710"]
[BlackFideId "2508788"]
[PlyCount "59"]
[Venue "Talbot Hotel, Stillorgan"]
[EventDate "2019.08.03"]

{ Event information: <a
href="http://www.irlchess.com/pairings_irlch2019.html">Tournament
report</a>. }

1. d4 Nf6 2. c4 e6 3. Nc3 Bb4 4. Qc2 c5 5. dxc5 Qa5 6. Bd2 Na6 7. e4 Nxc5
8. f3 d5 9. cxd5 exd5 10. Bb5+ Ncd7 11. Nge2 O-O 12. Qa4 Bxc3 13. Nxc3 Qb6
14. O-O-O dxe4 15. fxe4 Nc5 16. Qa3 Ncxe4 17. Nxe4 Nxe4 18. Bd3 Nf2 19. Bc2
Nxh1 20. Rxh1 Qc6 21. Qd3 g6 22. Bc3 Be6 23. Qd4 f6 24. Re1 Kg7 25. g4 Rad8
26. Qe3 Bxg4 27. Qe7+ Kh8 28. Rf1 Rde8 $4 (28... Bf5 29. Bxf5 Rde8 $19) 29.
Rxf6 Rxf6 30. Bxf6+ 1-0

[Event "Irish Championship 2019"]
[Site "Dublin IRL"]
[Date "2019.08.04"]
[Round "2.19"]
[White "Cafolla, Peter"]
[Black "Murphy, Sean J."]
[Result "0-1"]
[WhiteElo "1975"]
[BlackElo "1875"]
[WhiteICU "1959"]
[BlackICU "1939"]
[WhiteClub "Rathmines"]
[BlackClub "Cork"]
[WhiteNationality "IRL"]
[BlackNationality "IRL"]
[WhiteFideId "2500884"]
[BlackFideId "2512742"]
[PlyCount "114"]
[Venue "Talbot Hotel, Stillorgan"]
[EventDate "2019.08.03"]
[BlackFullName "Murphy, Se&aacute;n J."]

{ Event information: <a
href="http://www.irlchess.com/pairings_irlch2019.html">Tournament
report</a>. }

1. d4 d5 2. c4 c6 3. cxd5 cxd5 4. Nc3 Nf6 5. Nf3 Nc6 6. Bf4 Ne4 7. Qb3 Nxc3
8. bxc3 g6 9. e3 Bg7 10. Bd3 O-O 11. O-O b6 12. a4 Na5 13. Qa2 Bb7 14. Rac1
Rc8 15. h4 Nc4 16. h5 Qd7 17. hxg6 hxg6 18. Ne5 Nxe5 19. Bxe5 Bxe5 20. dxe5
d4 21. exd4 Bxg2 22. e6 Qc6 23. Rfe1 Kg7 24. Qe2 Rh8 25. Be4 Bxe4 26. Qxe4
Qxe4 27. Rxe4 f5 28. Re3 Rc4 29. a5 b5 30. a6 b4 31. d5 Rg4+ 32. Rg3 Rxg3+
33. fxg3 Rc8 34. c4 Kf6 35. Kf2 b3 36. Rb1 Rxc4 37. Rxb3 Rd4 38. Rb5 Ra4
39. Ke3 Rxa6 40. Kd4 Ra1 41. Rb8 Rd1+ 42. Kc4 Ke5 43. Rd8 a5 44. Rd7 a4 45.
Rxe7 Rd4+ 46. Kc3 Rxd5 47. Rg7 Kf6 48. Ra7 Re5 49. Kd3 Rxe6 50. Rxa4 Kg5
51. Rf4 Re1 52. Rh4 Rg1 53. Ke2 Rxg3 54. Rh8 Kg4 55. Kf2 f4 56. Ra8 g5 57.
Ra7 Rb3 0-1

[Event "Irish Championship 2019"]
[Site "Dublin IRL"]
[Date "2019.08.05"]
[Round "3.1"]
[White "O'Donnell, Conor"]
[Black "Collins, Sam"]
[Result "1/2-1/2"]
[WhiteTitle "FM"]
[BlackTitle "IM"]
[WhiteElo "2311"]
[BlackElo "2448"]
[WhiteICU "2298"]
[BlackICU "2422"]
[WhiteClub "Gonzaga"]
[BlackClub "Gonzaga"]
[WhiteNationality "IRL"]
[BlackNationality "IRL"]
[WhiteFideId "2504243"]
[BlackFideId "2501198"]
[PlyCount "71"]
[Venue "Talbot Hotel, Stillorgan"]
[EventDate "2019.08.03"]

{ Event information: <a
href="http://www.irlchess.com/pairings_irlch2019.html">Tournament
report</a>. }

1. c4 g6 2. d4 Nf6 3. Nc3 Bg7 4. e4 d6 5. Be2 O-O 6. Be3 c5 7. dxc5 Qa5 8.
Bd2 Qxc5 9. Nf3 Bg4 10. Be3 Qa5 11. O-O Nc6 12. a3 Rfc8 13. b4 Qd8 14. Rc1
Qf8 15. h3 Bxf3 16. gxf3 e5 17. f4 Bh6 18. Qd2 exf4 19. Bxf4 Bxf4 20. Qxf4
Qe7 21. Rfd1 Ne5 22. Nd5 Nxd5 23. Rxd5 Re8 24. Rcd1 Nc6 25. f3 a5 26. Rxd6
axb4 27. axb4 Nxb4 28. Rd7 Qc5+ 29. Kf1 Re7 30. Qd6 Qxd6 31. R1xd6 Rae8 32.
c5 Kf8 33. Bb5 Kg8 34. Be2 Nc6 35. Bb5 Ne5 36. Rxb7 1/2-1/2

[Event "Irish Championship 2019"]
[Site "Dublin IRL"]
[Date "2019.08.05"]
[Round "3.2"]
[White "Ryan, Joe"]
[Black "Lopez, Alex"]
[Result "0-1"]
[WhiteTitle "FM"]
[BlackTitle "IM"]
[WhiteElo "2268"]
[BlackElo "2431"]
[WhiteICU "2281"]
[BlackICU "2444"]
[BlackClub "Cork"]
[WhiteNationality "IRL"]
[BlackNationality "IRL"]
[WhiteFideId "2500426"]
[BlackFideId "2501430"]
[PlyCount "154"]
[Venue "Talbot Hotel, Stillorgan"]
[EventDate "2019.08.03"]

{ Event information: <a
href="http://www.irlchess.com/pairings_irlch2019.html">Tournament
report</a>. }

1. e4 c6 2. Nc3 d5 3. Nf3 dxe4 4. Nxe4 Nf6 5. Qe2 Nxe4 6. Qxe4 Qa5 7. Bc4
Bf5 8. Qe5 Qxe5+ 9. Nxe5 e6 10. d3 Bd6 11. Nf3 h6 12. Be3 Nd7 13. a4 Nb6
14. Bb3 Nd5 15. Bd2 O-O-O 16. h3 g5 17. Nd4 Bg6 18. Ne2 Be5 19. O-O-O Nf4
20. Nxf4 gxf4 21. Rhe1 Bc7 22. Bc3 Rhg8 23. f3 Bf5 24. Re2 b5 25. axb5 cxb5
26. d4 Rd6 27. d5 Rgd8 28. Bf6 R8d7 29. Be5 Ra6 30. Bxc7 Ra1+ 31. Kd2 Rxd1+
32. Kxd1 Kxc7 33. Ke1 exd5 34. Re5 Bg6 35. Kd2 Kc6 36. Re8 d4 37. Rh8 h5
38. Rc8+ Kd6 39. Rb8 Kc5 40. Rc8+ Kb4 41. Ba2 a5 42. Rc6 a4 43. Ra6 d3 $2 (
43... Rc7 44. Bb1 Rc5 $1 ({ more precise than } 44... d3 { , which,
however, should also win }) 45. Rd6 d3 $19) 44. c3+ Kc5 45. b4+ $1 axb3 46.
Bxb3 $15 Re7 47. Bd1 Re6 48. Ra8 h4 49. Rc8+ Kd6 50. Rd8+ Kc7 51. Rd4 Ra6
52. Bb3 Rf6 53. Ba2 Ra6 54. Bb1 Ra1 55. Bxd3 Bxd3 56. Rxd3 Ra6 57. Rd4 Rd6
58. Kd3 Rxd4+ 59. Kxd4 Kc6 60. Kd3 Kc5 61. Kd2 Kc4 62. Kc2 f6 63. Kb2 $4 ({
Time trouble; } 63. Kd2 $10 { e.g., } 63... Kb3 64. Kd3 f5 65. Kd4 Kc2 66.
c4) 63... Kd3 $19 64. Kb3 Ke2 65. Kb4 Kf2 66. Kxb5 Kxg2 67. c4 Kxf3 68. c5
Kg3 69. c6 f3 70. c7 f2 71. c8=Q f1=Q+ 72. Kb4 f5 73. Qg8+ Kxh3 74. Qg5 Qf3
75. Kc5 f4 76. Kd4 Qg3 77. Qf5+ Kg2 0-1

[Event "Irish Championship 2019"]
[Site "Dublin IRL"]
[Date "2019.08.05"]
[Round "3.3"]
[White "Kanyamarala, Tarun"]
[Black "Quinn, Mark"]
[Result "1-0"]
[BlackTitle "IM"]
[WhiteElo "2142"]
[BlackElo "2383"]
[WhiteICU "2110"]
[BlackICU "2318"]
[BlackClub "Kilkenny"]
[WhiteNationality "IRL"]
[BlackNationality "IRL"]
[WhiteFideId "45004714"]
[BlackFideId "2500450"]
[PlyCount "87"]
[Venue "Talbot Hotel, Stillorgan"]
[EventDate "2019.08.03"]

{ Event information: <a
href="http://www.irlchess.com/pairings_irlch2019.html">Tournament
report</a>. }

1. d4 Nc6 2. d5 Nb8 3. c4 c6 4. Nc3 d6 5. e4 g6 6. Be3 Bg7 7. Qd2 Nd7 8. f3
h5 9. Nh3 Ngf6 10. Be2 a6 11. Nf2 Ne5 12. O-O c5 13. Rfb1 h4 14. Qd1 Nh5
15. f4 Nd7 16. Qd2 Nf8 17. Nd3 Qc7 18. b4 cxb4 19. Rxb4 Nd7 20. Rab1 b5 21.
Rc1 bxc4 22. Nb2 O-O 23. Rxc4 Qa5 24. Ra4 Qd8 25. Nd3 a5 26. Nb5 Nb6 27.
Ra3 Nf6 28. Nf2 a4 29. Nc7 Rb8 30. Qa5 Nfd7 31. Nd3 Rb7 32. Na6 Ra7 33.
Ndb4 Bb2 34. Nc6 Bxc1 35. Bxc1 Rxa6 36. Bxa6 Qe8 37. Bb5 e6 38. Re3 e5 39.
fxe5 dxe5 40. Ba3 f6 41. Bxf8 Qxf8 42. Qb4 Qxb4 43. Nxb4 Nc5 44. Rc3 1-0

[Event "Irish Championship 2019"]
[Site "Dublin IRL"]
[Date "2019.08.05"]
[Round "3.4"]
[White "Baburin, Alexander"]
[Black "O'Connor, Jonathan"]
[Result "1/2-1/2"]
[WhiteTitle "GM"]
[WhiteElo "2432"]
[BlackElo "2165"]
[WhiteICU "2396"]
[BlackICU "2099"]
[WhiteClub "Kilkenny"]
[BlackClub "Dublin"]
[WhiteNationality "IRL"]
[BlackNationality "IRL"]
[WhiteFideId "2500914"]
[BlackFideId "2501112"]
[PlyCount "41"]
[Venue "Talbot Hotel, Stillorgan"]
[EventDate "2019.08.03"]

{ Event information: <a
href="http://www.irlchess.com/pairings_irlch2019.html">Tournament
report</a>. }

1. d4 Nf6 2. c4 e6 3. Nc3 Bb4 4. Qc2 b6 5. e4 c5 6. d5 Qe7 7. Ne2 exd5 8.
exd5 d6 9. Bd2 O-O 10. O-O-O Nbd7 11. Ng3 Ne5 12. Re1 Qd8 13. f4 Ng6 14. h4
h6 15. h5 Ne7 16. Bd3 a6 17. Nce4 Nxe4 18. Bxe4 Bxd2+ 19. Qxd2 f5 20. Bd3
b5 21. Nf1 1/2-1/2

[Event "Irish Championship 2019"]
[Site "Dublin IRL"]
[Date "2019.08.05"]
[Round "3.5"]
[White "Murphy, Conor E."]
[Black "Delaney, Killian"]
[Result "1-0"]
[WhiteTitle "FM"]
[WhiteElo "2315"]
[BlackElo "2247"]
[WhiteICU "2354"]
[BlackICU "2214"]
[WhiteClub "Charlton ENG"]
[BlackClub "Gonzaga"]
[WhiteNationality "IRL"]
[BlackNationality "IRL"]
[WhiteFideId "421669"]
[BlackFideId "2501570"]
[PlyCount "83"]
[Venue "Talbot Hotel, Stillorgan"]
[EventDate "2019.08.03"]

{ Event information: <a
href="http://www.irlchess.com/pairings_irlch2019.html">Tournament
report</a>. }

1. e4 c6 2. d4 d5 3. Nd2 dxe4 4. Nxe4 Nd7 5. Ng5 Ngf6 6. Bd3 e6 7. N1f3 Bd6
8. Qe2 h6 9. Ne4 Nxe4 10. Qxe4 Qc7 11. Qg4 Kf8 12. O-O b6 13. b3 Bb7 14.
Re1 Rd8 15. Bb2 Nf6 16. Qh3 Nd5 17. g3 Bb4 18. c4 Nf6 19. Red1 c5 20. d5
exd5 21. cxd5 Rxd5 22. Nh4 Qc6 23. f3 Bc8 24. Qf1 g5 25. Be4 Nxe4 26. fxe4
Rd4 27. Rac1 Bd2 28. Bxd4 Bxc1 29. Bxh8 Be3+ 30. Kh1 gxh4 31. Bf6 Qxe4+ 32.
Qg2 Qxg2+ 33. Kxg2 Bb7+ 34. Kh3 Kg8 35. Kxh4 Kh7 36. Re1 Bd2 37. Re2 Bc1
38. g4 Kg6 39. Be5 Bd5 40. Kg3 f5 41. Re1 Ba3 42. Rd1 1-0

[Event "Irish Championship 2019"]
[Site "Dublin IRL"]
[Date "2019.08.05"]
[Round "3.6"]
[White "Haque, Muhtarim-Ul"]
[Black "Brady, Stephen"]
[Result "0-1"]
[BlackTitle "FM"]
[WhiteElo "2036"]
[BlackElo "2282"]
[WhiteICU "2031"]
[BlackICU "2261"]
[WhiteClub "Rathmines"]
[BlackClub "St. Benildus"]
[WhiteNationality "IRL"]
[BlackNationality "IRL"]
[WhiteFideId "2509415"]
[BlackFideId "2500124"]
[PlyCount "92"]
[Venue "Talbot Hotel, Stillorgan"]
[EventDate "2019.08.03"]

{ Event information: <a
href="http://www.irlchess.com/pairings_irlch2019.html">Tournament
report</a>. }

1. e4 d6 2. d4 Nf6 3. Nc3 g6 4. Be3 c6 5. Qd2 b5 6. Bd3 Nbd7 7. Nf3 Bb7 8.
h3 Qc7 9. O-O Bg7 10. Rad1 O-O 11. Bh6 b4 12. Ne2 c5 13. Bxg7 Kxg7 14. Ng3
c4 15. Be2 Nxe4 16. Nxe4 Bxe4 17. Qxb4 Rab8 18. Qc3 Bxf3 19. Bxf3 e6 20. b3
Rfc8 21. bxc4 Qxc4 22. Qa3 d5 23. Qxa7 Nf6 24. Rfe1 Ra8 25. Qb7 Rxa2 26.
Ra1 Rxa1 27. Rxa1 Qxd4 28. Ra7 Rf8 29. Ra6 Qe5 30. Rb6 Qe1+ 31. Kh2 Re8 32.
Qc7 Qxf2 33. Rb7 Rf8 34. c4 dxc4 35. Qxc4 Qe3 36. Qc7 h5 37. Rb5 Qd4 38.
Rb7 Ne8 39. Qc1 Nd6 40. Rb3 Rc8 41. Qg5 Rc5 42. Qg3 Rc1 43. Qg5 Qg1+ 44.
Kg3 Nf5+ 45. Kf4 Rc4+ 46. Be4 Qc1+ 0-1

[Event "Irish Championship 2019"]
[Site "Dublin IRL"]
[Date "2019.08.05"]
[Round "3.7"]
[White "Li, Henry"]
[Black "Moran, Stephen"]
[Result "0-1"]
[WhiteTitle "FM"]
[WhiteElo "2287"]
[BlackElo "2186"]
[WhiteICU "2248"]
[BlackICU "2151"]
[WhiteClub "Gonzaga"]
[BlackClub "T.C.D."]
[WhiteNationality "IRL"]
[BlackNationality "IRL"]
[WhiteFideId "2508524"]
[BlackFideId "2501872"]
[PlyCount "60"]
[Venue "Talbot Hotel, Stillorgan"]
[EventDate "2019.08.03"]

{ Event information: <a
href="http://www.irlchess.com/pairings_irlch2019.html">Tournament
report</a>. }

1. e4 e6 2. d4 d5 3. Nc3 Nf6 4. e5 Nfd7 5. f4 c5 6. Nf3 Nc6 7. Be3 Be7 8.
Qd2 O-O 9. dxc5 Qa5 10. O-O-O b6 11. Bb5 Nb4 12. a3 bxc5 13. Bxd7 Bxd7 14.
axb4 cxb4 15. Nb1 Rfc8 16. Nd4 Qa2 17. Qd3 a5 18. f5 a4 19. f6 Bc5 20. fxg7
a3 21. bxa3 bxa3 22. Kd2 Qb2 23. Ke2 a2 24. Nd2 a1=Q 25. Rxa1 Rxa1 26. Rxa1
Qxa1 27. N4b3 Qxe5 28. Nxc5 Rxc5 29. Nf3 Qb2 30. Nd4 e5 0-1

[Event "Irish Championship 2019"]
[Site "Dublin IRL"]
[Date "2019.08.05"]
[Round "3.8"]
[White "O'Connell, Gerard"]
[Black "Fitzsimons, David"]
[Result "0-1"]
[BlackTitle "IM"]
[WhiteElo "2106"]
[BlackElo "2317"]
[WhiteICU "2052"]
[BlackICU "2348"]
[WhiteClub "St. Benildus"]
[BlackClub "Elm Mount"]
[WhiteNationality "IRL"]
[BlackNationality "IRL"]
[WhiteFideId "2500493"]
[BlackFideId "2501961"]
[PlyCount "64"]
[Venue "Talbot Hotel, Stillorgan"]
[EventDate "2019.08.03"]

{ Event information: <a
href="http://www.irlchess.com/pairings_irlch2019.html">Tournament
report</a>. }

1. d4 g6 2. c4 Bg7 3. Nf3 Nf6 4. Nc3 O-O 5. e4 d6 6. Be2 Na6 7. O-O e5 8.
d5 Nc5 9. Qc2 a5 10. Nd2 Bh6 11. Nb3 Bxc1 12. Raxc1 Nxb3 13. Qxb3 Nd7 14.
Qc2 Nc5 15. b3 Bd7 16. a3 a4 17. bxa4 Bxa4 18. Nxa4 Rxa4 19. f4 exf4 20.
Rxf4 Rxa3 21. Rcf1 Qe7 22. h4 Re3 23. h5 Rxe4 24. Rxe4 Qxe4 25. Qxe4 Nxe4
26. Rb1 b6 27. Ra1 Re8 28. Ra7 Re7 29. h6 f5 30. g4 fxg4 31. Bxg4 Kf7 32.
Ra8 Nd2 0-1

[Event "Irish Championship 2019"]
[Site "Dublin IRL"]
[Date "2019.08.05"]
[Round "3.9"]
[White "Kanyamarala, Trisha"]
[Black "Carroll, Peter"]
[Result "1-0"]
[WhiteElo "2238"]
[BlackElo "2062"]
[WhiteICU "1990"]
[BlackICU "2035"]
[BlackClub "Gonzaga"]
[WhiteNationality "IRL"]
[BlackNationality "IRL"]
[WhiteFideId "45004722"]
[BlackFideId "2510243"]
[PlyCount "47"]
[Venue "Talbot Hotel, Stillorgan"]
[EventDate "2019.08.03"]

{ Event information: <a
href="http://www.irlchess.com/pairings_irlch2019.html">Tournament
report</a>. }

1. d4 Nf6 2. c4 e6 3. Nf3 Bb4+ 4. Bd2 a5 5. Nc3 b6 6. e3 O-O 7. Bd3 Bb7 8.
O-O d6 9. Qe2 Nbd7 10. e4 e5 11. Nd5 Bxd2 12. Qxd2 exd4 13. Nxd4 Nc5 14. f3
Nxd5 15. exd5 Ba6 16. Be2 Qh4 17. b3 Rfe8 18. Bd1 Nd7 19. Bc2 Ne5 20. Nf5
Qf6 21. f4 Ng6 22. Ng3 Bc8 23. f5 Ne5 24. Ne4 (24. Ne4 Qh4 25. Rf4 Qh5 $14)
{ Black resigned under the impression that his position was much worse than
it actually was. } 1-0

[Event "Irish Championship 2019"]
[Site "Dublin IRL"]
[Date "2019.08.05"]
[Round "3.10"]
[White "Daly, Colm"]
[Black "Melaugh, Gavin"]
[Result "1/2-1/2"]
[WhiteTitle "FM"]
[WhiteElo "2213"]
[BlackElo "2025"]
[WhiteICU "2194"]
[BlackICU "2102"]
[WhiteClub "Bray/Greystones"]
[BlackClub "T.C.D."]
[WhiteNationality "IRL"]
[BlackNationality "IRL"]
[WhiteFideId "2500434"]
[BlackFideId "2509571"]
[PlyCount "66"]
[Venue "Talbot Hotel, Stillorgan"]
[EventDate "2019.08.03"]

{ Event information: <a
href="http://www.irlchess.com/pairings_irlch2019.html">Tournament
report</a>. }

1. g3 e5 2. Bg2 Nc6 3. d3 f5 4. Nc3 Nf6 5. Bg5 Bb4 6. a3 Bxc3+ 7. bxc3 h6
8. Bxf6 Qxf6 9. e3 O-O 10. Ne2 f4 11. exf4 exf4 12. gxf4 d6 13. h3 Ne7 14.
Rb1 Ng6 15. Qd2 c6 16. c4 Nh4 17. Kf1 g5 18. Rh2 gxf4 19. Ng1 f3 20. Nxf3
Nxf3 21. Bxf3 Qxf3 22. Qxh6 Rf6 23. Qh4 Bf5 24. Rg2+ Rg6 25. Rxg6+ Bxg6 26.
Rxb7 Qh1+ 27. Ke2 Re8+ 28. Re7 Bh5+ 29. Kd2 Qd1+ 30. Kc3 Qa1+ 31. Kd2 Qd1+
32. Kc3 Qa1+ 33. Kd2 Qd1+ 1/2-1/2

[Event "Irish Championship 2019"]
[Site "Dublin IRL"]
[Date "2019.08.05"]
[Round "3.11"]
[White "Wallace, Paul"]
[Black "McCarthy, Tim"]
[Result "1-0"]
[WhiteElo "2171"]
[BlackElo "2018"]
[WhiteICU "2159"]
[BlackICU "1964"]
[WhiteClub "Kilkenny"]
[BlackClub "St. Benildus"]
[WhiteNationality "IRL"]
[BlackNationality "IRL"]
[WhiteFideId "2500892"]
[BlackFideId "2500710"]
[PlyCount "57"]
[Venue "Talbot Hotel, Stillorgan"]
[EventDate "2019.08.03"]

{ Event information: <a
href="http://www.irlchess.com/pairings_irlch2019.html">Tournament
report</a>. }

1. e4 c5 2. Nf3 d6 3. d4 cxd4 4. Nxd4 Nf6 5. Nc3 e6 6. Bg5 Be7 7. Qd2 a6 8.
O-O-O O-O 9. f4 b5 10. e5 b4 11. exf6 bxc3 12. Qxc3 Bxf6 13. h4 Bd7 14. Qg3
Kh8 15. h5 h6 16. Bxf6 Qxf6 17. Qf3 d5 18. g4 Nc6 19. Qe3 e5 20. Nxc6 exf4
21. Qd4 Qxc6 22. Qxf4 f5 23. g5 hxg5 24. Qxg5 Qh6 25. Qxh6+ gxh6 26. Bg2 f4
27. Bxd5 Rab8 28. Bf3 Bf5 29. Rd6 1-0

[Event "Irish Championship 2019"]
[Site "Dublin IRL"]
[Date "2019.08.05"]
[Round "3.12"]
[White "Harding, Tim"]
[Black "Murray, David"]
[Result "1/2-1/2"]
[WhiteTitle "CM"]
[WhiteElo "2028"]
[BlackElo "2126"]
[WhiteICU "1973"]
[BlackICU "2121"]
[WhiteClub "T.C.D."]
[BlackClub "Gonzaga"]
[WhiteNationality "IRL"]
[BlackNationality "IRL"]
[WhiteFideId "2500256"]
[BlackFideId "2501511"]
[PlyCount "69"]
[Venue "Talbot Hotel, Stillorgan"]
[EventDate "2019.08.03"]

{ Event information: <a
href="http://www.irlchess.com/pairings_irlch2019.html">Tournament
report</a>. }

1. Nf3 Nf6 2. c4 g6 3. b3 Bg7 4. Bb2 O-O 5. g3 d6 6. d4 c5 7. Bg2 Ne4 8.
Nfd2 Nxd2 9. Qxd2 cxd4 10. Bxd4 Bxd4 11. Qxd4 Nc6 12. Qd2 Be6 13. Nc3 Qa5
14. O-O Rac8 15. Rfd1 Qe5 16. Ne4 a6 17. Rac1 Qh5 18. Ng5 Bg4 19. f3 h6 20.
Nxf7 Qc5+ 21. Kh1 Rxf7 22. fxg4 Kh7 23. Rf1 Rcf8 24. Rxf7+ Rxf7 25. Qd5 Kg7
26. Qxc5 dxc5 27. Bxc6 bxc6 28. Kg2 Rf6 29. Rd1 Rd6 30. Rxd6 exd6 31. Kf3
Kf6 32. Kf4 g5+ 33. Ke4 Ke6 34. h3 Kf6 35. Kd3 1/2-1/2